000 01342nam0a2200361 4500
001 RU\NLR\BIBL_A\012009949
005 20190528143442.0
010 _a978-5-907172-10-4
_91000
021 _aRU
_bКН-П-19-026615
_9КН-П-19-2009
035 _a(NLR Aleph) 012009949
035 _a(RuMoRGB)009945093
090 _a11446001
_c11446001
100 _a20190514d2019 u y0rusy50 ca
101 0 _arus
102 _aRU
105 _aa|||z|||000zy
200 1 _aПараНормальная
_eкнига-медитация
_fКрасавцева Алла
210 _aМосква
_cКонцептуал
_d2019
215 _a301 с.
_cил.
_d22
300 _aНа 4-й с. обл. авт.: Алла Красавцева, бакалавр пед. наук
320 _aДр. кн. авт. на 4-й с. обл.
333 _a16+
606 1 _aЖенщины
_xПсихогигиена
_jПопулярные издания
_2nlr_sh1
_2nlr_sh2
_3RU\NLR\AUTH\661401591
606 1 _aМедитация
_jПопулярные издания
_2nlr_sh1
_2nlr_sh2
_3RU\NLR\AUTH\66200516
686 1 _aЮ937.31я9
686 1 _aС550.53я9
686 1 _aЮ969.1я9
700 1 _aКрасавцева
_bА. В.
_gАлла В.
942 _cBOOK
980 _aNBR
980 _aNB